000 00685nam a2200229Ia 4500
005 20241129110057.0
008 241129s9999||||xx |||||||||||||| ||und||
020 _a978-1-032-06491-8
037 _aTB
040 _aARTS
_beng
_cARTS
041 _aeng
_2eng
084 _aSN1:(X:8) Q5;R2
_qARTS
100 _aRothmann Sebastiaan Au.; Copper Cary L. Au.
_9727122
245 0 _aWork and organizational psychology
_cRothmann Sebastiaan Au.; Copper Cary L. Au.
250 _a3rd
260 _aUK
_bRoutledge
_c2023
300 _ax,288p.
365 _aUKP
_b44.99
650 _aPsychologyBehaviorism
_9726884
942 _cTB
_hSN1:(X:8) Q5;R2
999 _c1227218
_d1227218